[Event "Anderssen Festival 2019"]
[Site "Wroclaw"]
[Date "2019.08.08"]
[Round "5.9"]
[White "Snihur, Piotr"]
[Black "Kawalko, Adam"]
[Result "1-0"]
[WhiteElo "2256"]
[BlackElo "1920"]
[Annotator "NA"]
[PlyCount "97"]
[EventDate "2019.08.05"]
[EventType "swiss"]
[EventCountry "POL"]
[SourceTitle "playchess.com"]
[Source "ChessBase"]
[SourceQuality "1"]
[TimeControl "40/5400+30:900+30"]

1. d4 {[%emt 0:00:00]} Nf6 {[%emt 0:00:12]} 2. Nf3 {[%emt 0:00:16]} e6 {[%emt 0:00:15]} 3. c4 {[%emt 0:00:46]} c5 {[%emt 0:01:08]} 4. d5 {[%emt 0:05:26]} b5 {[%emt 0:01:43]} 5. dxe6 {[%emt 0:00:52]} fxe6 {[%emt 0:00:30]} 6. cxb5 {[%emt 0:00:30]} d5 {[%emt 0:00:30]} 7. e3 {[%emt 0:02:30]} Bd6 {[%emt 0:04:51]} 8. Be2 {[%emt 0:01:02]} O-O {[%emt 0:01:13]} 9. O-O {[%emt 0:02:00]} Bb7 {[%emt 0:03:13]} 10. Nbd2 {[%emt 0:02:58]} e5 {[%emt 0:02:26]} 11. e4 {[%emt 0:02:41]} Kh8 {[%emt 0:04:10]} 12. Qc2 {[%emt 0:05:13]} d4 {[%emt 0:04:00]} 13. Bd3 {[%emt 0:04:00]} Nbd7 {[%emt 0:01:33]} 14. Nc4 {[%emt 0:01:23]} Qe7 {[%emt 0:02:52]} 15. Bg5 {[%emt 0:04:10]} Nb6 {[%emt 0:04:19]} 16. Nfd2 {[%emt 0:07:27]} h6 {[%emt 0:01:13]} 17. Bh4 {[%emt 0:00:57]} g5 {[%emt 0:03:54]} 18. Bg3 {[%emt 0:00:30]} Nxc4 {[%emt 0:05:19]} 19. Nxc4 {[%emt 0:00:52]} Nd7 {[%emt 0:04:40]} 20. Rac1 {[%emt 0:01:55]} Rac8 {[%emt 0:04:10]} 21. a4 {[%emt 0:02:00]} Nb6 {[%emt 0:03:13]} 22. Nd2 {[%emt 0:03:13]} Qh7 {[%emt 0:05:12]} 23. a5 {[%emt 0:16:49]} c4 {[%emt 0:07:55]} 24. Bxc4 {[%emt 0:00:42]} Nxc4 {[%emt 0:00:05]} 25. Nxc4 {[%emt 0:00:05]} Bxe4 {[%emt 0:00:42]} 26. Qd1 {[%emt 0:03:07]} Rxc4 {[%emt 0:05:32]} 27. Rxc4 {[%emt 0:00:32]} Bd3 {[%emt 0:00:11]} 28. Rxd4 {[%emt 0:02:15]} exd4 {[%emt 0:04:04]} 29. Bxd6 {[%emt 0:00:30]} Re8 {[%emt 0:03:13]} 30. Re1 {[%emt 0:01:50]} Rxe1+ {[%emt 0:01:08]} 31. Qxe1 {[%emt 0:00:10]} Qe4 {[%emt 0:00:21]} 32. Qxe4 {[%emt 0:00:47]} Bxe4 {[%emt 0:00:30]} 33. Be5+ {[%emt 0:00:11]} Kg8 {[%emt 0:00:05]} 34. Bxd4 {[%emt 0:00:31]} Bd3 {[%emt 0:00:30]} 35. Bxa7 {[%emt 0:00:21]} Bxb5 {[%emt 0:00:06]} 36. f3 {[%emt 0:00:57]} Kf7 {[%emt 0:00:05]} 37. Kf2 {[%emt 0:00:53]} Ke6 {[%emt 0:00:30]} 38. Ke3 {[%emt 0:00:52]} Kd5 {[%emt 0:00:57]} 39. b4 {[%emt 0:00:26]} h5 {[%emt 0:00:37]} 40. Bc5 {[%emt 0:01:03]} g4 {[%emt 0:00:32]} 41. fxg4 {[%emt 0:15:58]} hxg4 {[%emt 0:15:30]} 42. Kf4 {[%emt 0:00:57]} Bf1 {[%emt 0:00:30]} 43. Kxg4 {[%emt 0:00:58]} Bxg2 {[%emt 0:00:30]} 44. Kf5 {[%emt 0:01:13]} Bh3+ {[%emt 0:00:30]} 45. Kf6 {[%emt 0:00:16]} Kc6 {[%emt 0:00:41]} 46. a6 {[%emt 0:00:30]} Kc7 {[%emt 0:00:06]} 47. b5 {[%emt 0:01:08]} Kb8 {[%emt 0:00:41]} 48. b6 {[%emt 0:00:10]} Ka8 {[%emt 0:00:27]} 49. b7+ {[%emt 0:00:37]} 1-0

[Event "Anderssen Festival 2019"]
[Site "Wroclaw"]
[Date "2019.08.08"]
[Round "5.10"]
[White "Pawicka, Magdalena"]
[Black "Zgadzaj, Rafal"]
[Result "0-1"]
[WhiteElo "1700"]
[BlackElo "2133"]
[Annotator "NA"]
[PlyCount "124"]
[EventDate "2019.08.05"]
[EventType "swiss"]
[EventCountry "POL"]
[SourceTitle "playchess.com"]
[Source "ChessBase"]
[SourceQuality "1"]
[TimeControl "40/5400+30:900+30"]

1. e4 {[%emt 0:00:00]} d6 {[%emt 0:00:00]} 2. d4 {[%emt 0:00:30]} g6 {[%emt 0:00:11]} 3. Nc3 {[%emt 0:00:42]} a6 {[%emt 0:00:10]} 4. Be3 {[%emt 0:01:28]} b5 {[%emt 0:01:49]} 5. f3 {[%emt 0:02:25]} Nd7 {[%emt 0:01:53]} 6. Qd2 {[%emt 0:02:55]} c5 {[%emt 0:03:17]} 7. O-O-O {[%emt 0:11:22]} c4 {[%emt 0:04:10]} 8. Nce2 {[%emt 0:09:12]} Qc7 {[%emt 0:04:05]} 9. Kb1 {[%emt 0:08:05]} Bg7 {[%emt 0:05:33]} 10. h4 {[%emt 0:04:21]} h5 {[%emt 0:01:23]} 11. Nh3 {[%emt 0:05:48]} Ngf6 {[%emt 0:01:02]} 12. Bf4 {[%emt 0:04:25]} Bb7 {[%emt 0:01:03]} 13. Qe3 {[%emt 0:14:34]} Rc8 {[%emt 0:10:40]} 14. Ng5 {[%emt 0:05:54]} e5 {[%emt 0:02:37]} 15. Bg3 {[%emt 0:00:58]} O-O {[%emt 0:01:07]} 16. f4 {[%emt 0:06:15]} Ng4 {[%emt 0:01:49]} 17. Qc1 {[%emt 0:01:12]} Rce8 {[%emt 0:10:56]} 18. fxe5 {[%emt 0:02:47]} dxe5 {[%emt 0:00:21]} 19. dxe5 {[%emt 0:02:05]} Ndxe5 {[%emt 0:03:03]} 20. Nf4 {[%emt 0:02:57]} c3 {[%emt 0:01:59]} 21. b3 {[%emt 0:00:27]} Qc5 {[%emt 0:02:36]} 22. Nd3 {[%emt 0:02:15]} Nxd3 {[%emt 0:01:03]} 23. Bxd3 {[%emt 0:00:16]} f6 {[%emt 0:02:10]} 24. Nh3 {[%emt 0:00:30]} Bh6 {[%emt 0:02:41]} 25. Bf4 {[%emt 0:00:31]} Bxf4 {[%emt 0:02:47]} 26. Nxf4 {[%emt 0:00:16]} Kg7 {[%emt 0:01:55]} 27. e5 {[%emt 0:01:55]} Nxe5 {[%emt 0:02:05]} 28. Rhe1 {[%emt 0:01:29]} Nxd3 {[%emt 0:06:22]} 29. Rxd3 {[%emt 0:00:52]} Be4 {[%emt 0:01:29]} 30. Rd7+ {[%emt 0:00:47]} Rf7 {[%emt 0:00:53]} 31. Qd1 {[%emt 0:02:11]} Qf5 {[%emt 0:18:44]} 32. Rxf7+ {[%emt 0:02:07]} Kxf7 {[%emt 0:00:30]} 33. Ne2 {[%emt 0:01:13]} Bxg2 {[%emt 0:01:08]} 34. Nxc3 {[%emt 0:00:42]} Rxe1 {[%emt 0:00:57]} 35. Qxe1 {[%emt 0:00:30]} Qf1 {[%emt 0:00:30]} 36. Qxf1 {[%emt 0:00:21]} Bxf1 {[%emt 0:00:38]} 37. Kc1 {[%emt 0:00:05]} g5 {[%emt 0:01:03]} 38. hxg5 {[%emt 0:01:09]} fxg5 {[%emt 0:01:08]} 39. Kd2 {[%emt 0:00:52]} Kg6 {[%emt 0:01:03]} 40. Ke3 {[%emt 0:00:30]} Bg2 {[%emt 0:01:19]} 41. Kf2 {[%emt 0:15:37]} Bc6 {[%emt 0:15:58]} 42. Ne2 {[%emt 0:00:21]} g4 43. c4 {[%emt 0:00:14]} b4 44. Nd4 {[%emt 0:01:19]} Bd7 45. c5 {[%emt 0:01:35]} h4 46. c6 {[%emt 0:00:58]} Bc8 47. c7 {[%emt 0:00:47]} Kf6 48. Nc6 {[%emt 0:01:03]} Ke6 49. Nxb4 {[%emt 0:00:16]} Kd6 50. Nd3 Kxc7 51. Nf4 Kd6 52. Ng6 h3 53. Kg3 Kc5 54. Ne5 Kb4 55. Nc4 Be6 56. Nd6 Ka3 57. Kh2 Kxa2 58. b4 Bd7 59. Ne4 Ka3 60. Nc5 Bb5 61. Kg3 Kxb4 62. Ne4 Bd7 0-1

[Event "Anderssen Festival 2019"]
[Site "Wroclaw"]
[Date "2019.08.08"]
[Round "5.11"]
[White "Pokusinski, Antoni"]
[Black "Lugovskoy, Maxim"]
[Result "0-1"]
[WhiteElo "1671"]
[BlackElo "2425"]
[Annotator "NA"]
[PlyCount "48"]
[EventDate "2019.08.05"]
[EventType "swiss"]
[EventCountry "POL"]
[SourceTitle "playchess.com"]
[Source "ChessBase"]
[SourceQuality "1"]
[TimeControl "40/5400+30:900+30"]

1. d4 {[%emt 0:00:00]} e6 {[%emt 0:12:01]} 2. c4 {[%emt 0:00:00]} b6 {[%emt 0:00:52]} 3. Nf3 {[%emt 0:00:04]} Bb7 {[%emt 0:00:00]} 4. g3 {[%emt 0:00:08]} f5 {[%emt 0:00:37]} 5. Bg2 {[%emt 0:00:15]} Nf6 {[%emt 0:00:05]} 6. O-O {[%emt 0:00:31]} Be7 {[%emt 0:00:15]} 7. b3 {[%emt 0:01:21]} O-O {[%emt 0:00:06]} 8. Nbd2 {[%emt 0:00:28]} a5 {[%emt 0:02:24]} 9. a3 {[%emt 0:04:15]} d6 {[%emt 0:06:04]} 10. Bb2 {[%emt 0:00:12]} Qe8 {[%emt 0:00:42]} 11. Qc2 {[%emt 0:06:57]} Qh5 {[%emt 0:00:38]} 12. c5 {[%emt 0:08:01]} Bd5 {[%emt 0:03:10]} 13. cxb6 {[%emt 0:06:09]} cxb6 {[%emt 0:03:10]} 14. Nh4 {[%emt 0:08:05]} Ne4 {[%emt 0:08:59]} 15. Nxe4 {[%emt 0:04:38]} fxe4 {[%emt 0:01:20]} 16. Bxe4 {[%emt 0:00:50]} Bxh4 {[%emt 0:00:02]} 17. Bxd5 {[%emt 0:00:26]} exd5 {[%emt 0:00:21]} 18. gxh4 {[%emt 0:00:14]} Nd7 {[%emt 0:01:55]} 19. Qd3 {[%emt 0:02:44]} Rae8 {[%emt 0:01:21]} 20. Rae1 {[%emt 0:01:34]} Rf4 {[%emt 0:00:31]} 21. Kh1 {[%emt 0:02:11]} Rxh4 {[%emt 0:00:05]} 22. Qg3 {[%emt 0:01:48]} Re6 {[%emt 0:00:03]} 23. f3 {[%emt 0:02:38]} Rg6 {[%emt 0:00:04]} 24. Qf2 {[%emt 0:00:07]} Rh6 {[%emt 0:00:03]} 0-1

[Event "Anderssen Festival 2019"]
[Site "Wroclaw"]
[Date "2019.08.08"]
[Round "5.12"]
[White "Seredyn, Dominik"]
[Black "Wieczorek, Zbigniew"]
[Result "1/2-1/2"]
[WhiteElo "1737"]
[BlackElo "2235"]
[Annotator "NA"]
[PlyCount "67"]
[EventDate "2019.08.05"]
[EventType "swiss"]
[EventCountry "POL"]
[SourceTitle "playchess.com"]
[Source "ChessBase"]
[SourceQuality "1"]
[TimeControl "40/5400+30:900+30"]

1. Nf3 {[%emt 0:00:00]} g6 {[%emt 0:00:01]} 2. c4 {[%emt 0:00:00]} Bg7 {[%emt 0:00:08]} 3. Nc3 {[%emt 0:00:00]} d6 {[%emt 0:00:19]} 4. g3 {[%emt 0:00:14]} e5 {[%emt 0:00:11]} 5. d4 {[%emt 0:00:07]} Nd7 {[%emt 0:00:23]} 6. Bg2 {[%emt 0:01:37]} Ngf6 {[%emt 0:00:10]} 7. dxe5 {[%emt 0:02:23]} dxe5 {[%emt 0:00:14]} 8. Bg5 {[%emt 0:00:19]} h6 {[%emt 0:04:16]} 9. Bxf6 {[%emt 0:00:56]} Qxf6 {[%emt 0:01:03]} 10. Nd5 {[%emt 0:01:14]} Qd8 {[%emt 0:00:29]} 11. O-O {[%emt 0:02:32]} O-O {[%emt 0:00:45]} 12. Nd2 {[%emt 0:03:21]} c6 {[%emt 0:02:57]} 13. Nc3 {[%emt 0:00:24]} f5 {[%emt 0:00:22]} 14. Qc2 {[%emt 0:03:57]} Qe7 {[%emt 0:01:17]} 15. Rab1 {[%emt 0:02:12]} e4 {[%emt 0:00:48]} 16. e3 {[%emt 0:05:29]} h5 {[%emt 0:01:22]} 17. Ne2 {[%emt 0:05:47]} Ne5 {[%emt 0:01:35]} 18. Rfd1 {[%emt 0:03:41]} Be6 {[%emt 0:00:44]} 19. b3 {[%emt 0:06:13]} h4 {[%emt 0:01:22]} 20. f4 {[%emt 0:09:08]} exf3 {[%emt 0:08:47]} 21. Nxf3 {[%emt 0:00:24]} hxg3 {[%emt 0:00:21]} 22. Nxg3 {[%emt 0:01:30]} Nxf3+ {[%emt 0:02:56]} 23. Bxf3 {[%emt 0:00:19]} Qc5 {[%emt 0:00:10]} 24. Qf2 {[%emt 0:01:51]} Rad8 {[%emt 0:00:55]} 25. Ne2 {[%emt 0:09:30]} Bh6 {[%emt 0:04:25]} 26. Rd4 {[%emt 0:05:35]} Qe5 {[%emt 0:01:15]} 27. Qg2 {[%emt 0:09:47]} Qxe3+ {[%emt 0:03:11]} 28. Kh1 {[%emt 0:00:24]} Rxd4 {[%emt 0:00:19]} 29. Qxg6+ {[%emt 0:02:10]} Bg7 {[%emt 0:02:29]} 30. Nxd4 {[%emt 0:00:16]} Bc8 {[%emt 0:01:24]} 31. Rd1 {[%emt 0:05:11]} Rd8 {[%emt 0:00:09]} 32. Kg2 {[%emt 0:00:42]} Rxd4 {[%emt 0:07:26]} 33. Rxd4 {[%emt 0:00:08]} Qxd4 {[%emt 0:00:04]} 34. Qe8+ {[%emt 0:00:12]} 1/2-1/2

[Event "Anderssen Festival 2019"]
[Site "Wroclaw"]
[Date "2019.08.08"]
[Round "5.13"]
[White "Socha, Kamil"]
[Black "Nguyen, Alex Dac-Vuong"]
[Result "1/2-1/2"]
[WhiteElo "1741"]
[BlackElo "2267"]
[Annotator "NA"]
[PlyCount "49"]
[EventDate "2019.08.05"]
[EventType "swiss"]
[EventCountry "POL"]
[SourceTitle "playchess.com"]
[Source "ChessBase"]
[SourceQuality "1"]
[TimeControl "40/5400+30:900+30"]

1. d4 {[%emt 0:04:46]} Nf6 {[%emt 0:00:00]} 2. Nf3 {[%emt 0:00:29]} c5 {[%emt 0:00:20]} 3. g3 {[%emt 0:00:16]} cxd4 {[%emt 0:01:03]} 4. Bg2 {[%emt 0:00:15]} d5 {[%emt 0:00:27]} 5. O-O {[%emt 0:00:10]} g6 {[%emt 0:08:54]} 6. b3 {[%emt 0:00:40]} Bg7 {[%emt 0:00:27]} 7. Bb2 {[%emt 0:00:10]} O-O {[%emt 0:00:53]} 8. Nxd4 {[%emt 0:01:02]} Re8 {[%emt 0:02:14]} 9. Nf3 {[%emt 0:05:42]} Nbd7 {[%emt 0:05:06]} 10. Nc3 {[%emt 0:00:38]} Nc5 {[%emt 0:03:08]} 11. Ne5 {[%emt 0:01:41]} Be6 {[%emt 0:08:24]} 12. Qd2 {[%emt 0:07:15]} Qc7 {[%emt 0:12:42]} 13. f4 {[%emt 0:02:55]} Qb6 {[%emt 0:01:59]} 14. Kh1 {[%emt 0:07:16]} Red8 {[%emt 0:01:35]} 15. e3 {[%emt 0:04:24]} Rac8 {[%emt 0:03:13]} 16. Qd4 {[%emt 0:02:05]} Nfe4 {[%emt 0:19:58]} 17. Rad1 {[%emt 0:04:40]} Nxc3 {[%emt 0:00:51]} 18. Bxc3 {[%emt 0:00:21]} Nd7 {[%emt 0:04:57]} 19. Rf2 {[%emt 0:10:05]} Qc7 {[%emt 0:04:02]} 20. Ba1 {[%emt 0:01:03]} Bg4 {[%emt 0:06:21]} 21. Rc1 {[%emt 0:00:32]} a6 {[%emt 0:02:16]} 22. h3 {[%emt 0:03:38]} Bf5 {[%emt 0:00:45]} 23. Qxd5 {[%emt 0:06:38]} Nxe5 {[%emt 0:01:37]} 24. Bxe5 {[%emt 0:00:12]} Bxe5 {[%emt 0:00:47]} 25. Qxe5 {[%emt 0:00:24]} 1/2-1/2

[Event "Anderssen Festival 2019"]
[Site "Wroclaw"]
[Date "2019.08.08"]
[Round "5.14"]
[White "Verwoert, Jef"]
[Black "Krawiec, Grzegorz"]
[Result "1/2-1/2"]
[WhiteElo "2034"]
[BlackElo "1816"]
[Annotator "NA"]
[PlyCount "40"]
[EventDate "2019.08.05"]
[EventType "swiss"]
[EventCountry "POL"]
[SourceTitle "playchess.com"]
[Source "ChessBase"]
[SourceQuality "1"]
[TimeControl "40/5400+30:900+30"]

1. Nf3 {[%emt 0:00:00]} c5 {[%emt 0:00:00]} 2. g3 {[%emt 0:00:31]} Nc6 {[%emt 0:00:07]} 3. Bg2 {[%emt 0:00:16]} e5 {[%emt 0:02:55]} 4. O-O {[%emt 0:01:07]} g6 {[%emt 0:00:30]} 5. Nc3 {[%emt 0:12:15]} d5 {[%emt 0:03:18]} 6. d3 {[%emt 0:05:28]} Bg7 {[%emt 0:04:00]} 7. e4 {[%emt 0:06:15]} d4 {[%emt 0:05:49]} 8. Ne2 {[%emt 0:06:16]} Nge7 {[%emt 0:02:00]} 9. h3 {[%emt 0:08:45]} O-O {[%emt 0:13:57]} 10. Nh4 {[%emt 0:00:47]} Be6 {[%emt 0:03:07]} 11. f4 {[%emt 0:00:52]} f5 {[%emt 0:00:11]} 12. fxe5 {[%emt 0:06:09]} Bxe5 {[%emt 0:03:08]} 13. Bh6 {[%emt 0:08:46]} Bg7 {[%emt 0:02:00]} 14. Qd2 {[%emt 0:01:08]} fxe4 {[%emt 0:01:59]} 15. Rxf8+ {[%emt 0:06:20]} Bxf8 {[%emt 0:00:06]} 16. dxe4 {[%emt 0:03:54]} Qd7 {[%emt 0:02:25]} 17. Bxf8 {[%emt 0:02:00]} Rxf8 {[%emt 0:00:06]} 18. Nf4 Ne5 {[%emt 0:00:30]} 19. Nxe6 Qxe6 {[%emt 0:00:30]} 20. Qa5 Qb6 {[%emt 0:00:30]} 1/2-1/2

[Event "Anderssen Festival 2019"]
[Site "Wroclaw"]
[Date "2019.08.08"]
[Round "5.15"]
[White "Czyz, Andrzej"]
[Black "Ochman, Sebastian"]
[Result "1-0"]
[WhiteElo "2000"]
[BlackElo "1789"]
[Annotator "NA"]
[PlyCount "71"]
[EventDate "2019.08.05"]
[EventType "swiss"]
[EventCountry "POL"]
[SourceTitle "playchess.com"]
[Source "ChessBase"]
[SourceQuality "1"]
[TimeControl "40/5400+30:900+30"]

1. b4 {[%emt 0:00:00]} e5 {[%emt 0:00:00]} 2. Bb2 {[%emt 0:00:00]} Bxb4 {[%emt 0:00:50]} 3. Bxe5 {[%emt 0:00:00]} Nf6 {[%emt 0:00:12]} 4. Nf3 {[%emt 0:00:17]} d5 {[%emt 0:01:20]} 5. e3 {[%emt 0:00:21]} O-O {[%emt 0:00:51]} 6. c4 {[%emt 0:01:41]} Nc6 {[%emt 0:04:43]} 7. Bb2 {[%emt 0:01:07]} Re8 {[%emt 0:04:23]} 8. cxd5 {[%emt 0:00:44]} Nxd5 {[%emt 0:00:39]} 9. Be2 {[%emt 0:00:13]} Bf5 {[%emt 0:07:29]} 10. O-O {[%emt 0:00:52]} a6 {[%emt 0:01:46]} 11. Nc3 {[%emt 0:01:49]} Nxc3 {[%emt 0:08:28]} 12. dxc3 {[%emt 0:02:43]} Bd6 {[%emt 0:00:37]} 13. Qb3 {[%emt 0:04:02]} Re6 {[%emt 0:18:57]} 14. Rfd1 {[%emt 0:06:50]} Be4 {[%emt 0:12:11]} 15. c4 {[%emt 0:10:30]} Qe7 {[%emt 0:07:48]} 16. Rac1 {[%emt 0:04:56]} Rg6 {[%emt 0:02:29]} 17. g3 {[%emt 0:06:05]} b6 {[%emt 0:04:10]} 18. Nd2 {[%emt 0:04:12]} Na5 {[%emt 0:03:49]} 19. Qc3 {[%emt 0:02:59]} f5 {[%emt 0:06:04]} 20. Nxe4 {[%emt 0:02:50]} fxe4 {[%emt 0:00:43]} 21. Qd4 {[%emt 0:06:46]} Rf8 {[%emt 0:01:26]} 22. Bf1 {[%emt 0:00:30]} Nc6 {[%emt 0:02:29]} 23. Qd5+ {[%emt 0:01:40]} Kh8 {[%emt 0:00:07]} 24. Bg2 {[%emt 0:00:38]} Re6 {[%emt 0:02:35]} 25. a3 {[%emt 0:06:07]} Nb8 {[%emt 0:02:40]} 26. Rc2 {[%emt 0:11:09]} Nd7 {[%emt 0:00:32]} 27. Bh3 {[%emt 0:02:12]} Rh6 {[%emt 0:04:05]} 28. Bxd7 {[%emt 0:01:00]} Qxd7 {[%emt 0:00:01]} 29. Qxe4 {[%emt 0:00:52]} Rxh2 {[%emt 0:01:51]} 30. Rxd6 {[%emt 0:05:19]} Qh3 {[%emt 0:01:12]} 31. Rd7 {[%emt 0:02:24]} Qxd7 {[%emt 0:00:06]} 32. Kxh2 {[%emt 0:00:08]} h6 {[%emt 0:00:43]} 33. Qg6 {[%emt 0:00:17]} Kg8 {[%emt 0:00:06]} 34. Rd2 {[%emt 0:02:05]} Qe7 {[%emt 0:00:32]} 35. Qc6 {[%emt 0:00:06]} Qf7 {[%emt 0:00:44]} 36. Qd5 {[%emt 0:00:47]} 1-0

[Event "Anderssen Festival 2019"]
[Site "Wroclaw"]
[Date "2019.08.08"]
[Round "5.16"]
[White "Gluch, Pawel"]
[Black "Luberanski, Jakub"]
[Result "0-1"]
[WhiteElo "1739"]
[BlackElo "2010"]
[Annotator "NA"]
[PlyCount "40"]
[EventDate "2019.08.05"]
[EventType "swiss"]
[EventCountry "POL"]
[SourceTitle "playchess.com"]
[Source "ChessBase"]
[SourceQuality "1"]
[TimeControl "40/5400+30:900+30"]

1. c4 {[%emt 0:00:00]} Nf6 {[%emt 0:00:00]} 2. Nc3 {[%emt 0:00:00]} g6 {[%emt 0:00:17]} 3. Nf3 {[%emt 0:00:10]} Bg7 {[%emt 0:00:05]} 4. g3 {[%emt 0:00:52]} O-O {[%emt 0:00:05]} 5. Bg2 {[%emt 0:00:03]} d6 {[%emt 0:00:24]} 6. O-O {[%emt 0:00:25]} e5 {[%emt 0:00:38]} 7. d3 {[%emt 0:03:08]} Nc6 {[%emt 0:00:30]} 8. Rb1 {[%emt 0:01:27]} a5 {[%emt 0:00:05]} 9. a3 {[%emt 0:01:12]} Re8 {[%emt 0:00:25]} 10. b4 {[%emt 0:03:06]} axb4 {[%emt 0:00:06]} 11. axb4 {[%emt 0:00:04]} e4 {[%emt 0:03:34]} 12. Nxe4 {[%emt 0:05:39]} Nxe4 {[%emt 0:00:04]} 13. dxe4 {[%emt 0:00:05]} Rxe4 {[%emt 0:00:18]} 14. Ng5 {[%emt 0:12:00]} Re8 {[%emt 0:17:48]} 15. Bd5 {[%emt 0:13:24]} Rf8 {[%emt 0:00:07]} 16. Ne4 {[%emt 0:05:21]} Ne7 {[%emt 0:03:40]} 17. Bb2 {[%emt 0:07:45]} c6 {[%emt 0:05:13]} 18. Bxg7 {[%emt 0:01:10]} Kxg7 {[%emt 0:00:09]} 19. Nf6 {[%emt 0:05:00]} Nxd5 {[%emt 0:03:59]} 20. Nxd5 {[%emt 0:00:58]} cxd5 {[%emt 0:00:04]} 0-1

[Event "Anderssen Festival 2019"]
[Site "Wroclaw"]
[Date "2019.08.08"]
[Round "5.17"]
[White "Piekielny, Pawel"]
[Black "Skiba, Krzysztof"]
[Result "1-0"]
[WhiteElo "1985"]
[BlackElo "1722"]
[Annotator "NA"]
[PlyCount "155"]
[EventDate "2019.08.05"]
[EventType "swiss"]
[EventCountry "POL"]
[SourceTitle "playchess.com"]
[Source "ChessBase"]
[SourceQuality "1"]
[TimeControl "40/5400+30:900+30"]

1. e4 {[%emt 0:00:00]} e6 {[%emt 0:00:00]} 2. d4 {[%emt 0:00:30]} d5 {[%emt 0:00:30]} 3. Nd2 {[%emt 0:00:30]} Nf6 {[%emt 0:00:30]} 4. e5 {[%emt 0:00:21]} Nfd7 {[%emt 0:00:31]} 5. Bd3 {[%emt 0:00:30]} c5 {[%emt 0:00:11]} 6. c3 {[%emt 0:00:30]} Nc6 {[%emt 0:00:30]} 7. Ne2 {[%emt 0:00:30]} cxd4 {[%emt 0:00:05]} 8. cxd4 {[%emt 0:00:10]} f6 {[%emt 0:00:36]} 9. exf6 {[%emt 0:00:30]} Nxf6 {[%emt 0:00:30]} 10. Nf3 {[%emt 0:00:11]} Bd6 {[%emt 0:00:30]} 11. O-O {[%emt 0:00:15]} O-O {[%emt 0:00:11]} 12. Bf4 {[%emt 0:00:30]} Bxf4 {[%emt 0:00:46]} 13. Nxf4 {[%emt 0:00:30]} Ne4 {[%emt 0:03:17]} 14. Qc1 {[%emt 0:00:30]} Bd7 {[%emt 0:14:40]} 15. Qe3 {[%emt 0:06:52]} Ng5 {[%emt 0:14:36]} 16. Ne5 {[%emt 0:04:00]} Nxe5 {[%emt 0:01:03]} 17. dxe5 {[%emt 0:11:47]} Qe7 {[%emt 0:02:52]} 18. Rac1 {[%emt 0:11:52]} Bc6 19. Ne2 {[%emt 0:00:30]} Rac8 20. a3 {[%emt 0:00:30]} a6 21. Nd4 {[%emt 0:00:30]} Bd7 22. f4 {[%emt 0:00:30]} Nf7 23. Nb3 {[%emt 0:00:30]} g6 24. g3 {[%emt 0:00:30]} Rfd8 25. Qd4 {[%emt 0:00:30]} Nh6 26. Qb6 {[%emt 0:00:30]} Ng4 27. Rxc8 {[%emt 0:05:03]} Rxc8 28. h3 {[%emt 0:03:56]} Nxe5 29. fxe5 {[%emt 0:00:21]} Qg5 30. Qf2 {[%emt 0:01:49]} Qxe5 31. Qf4 {[%emt 0:04:18]} Qxf4 32. gxf4 {[%emt 0:00:30]} Kf7 33. Kg2 {[%emt 0:00:15]} Kf6 34. Re1 {[%emt 0:00:27]} h6 35. Kg3 {[%emt 0:00:58]} g5 36. Nd4 {[%emt 0:01:51]} Rg8 37. Nf3 {[%emt 0:00:52]} gxf4+ 38. Kxf4 {[%emt 0:00:05]} Rg2 39. Re2 {[%emt 0:02:01]} Rxe2 40. Bxe2 {[%emt 0:00:30]} e5+ 41. Nxe5 {[%emt 0:15:30]} Bxh3 42. Bf3 {[%emt 0:01:03]} Ke6 43. Ng4 {[%emt 0:02:06]} Kd6 44. Ke3 {[%emt 0:01:08]} Kc5 45. Ne5 {[%emt 0:06:33]} Bf1 46. Kd2 {[%emt 0:04:55]} a5 47. Ng4 {[%emt 0:02:02]} a4 48. Ne3 {[%emt 0:03:15]} Bc4 49. Nf5 {[%emt 0:00:30]} Bf1 50. Kc3 {[%emt 0:00:52]} b5 51. Nxh6 {[%emt 0:01:56]} d4+ 52. Kc2 {[%emt 0:00:16]} Kc4 53. Ng4 {[%emt 0:01:56]} b4 54. Ne5+ {[%emt 0:00:52]} Kb5 55. Nd3 {[%emt 0:00:53]} bxa3 56. bxa3 {[%emt 0:00:30]} Kc4 57. Nb2+ {[%emt 0:00:06]} Kb5 58. Bh5 {[%emt 0:00:30]} Ka5 59. Be8 {[%emt 0:00:10]} Be2 60. Bxa4 {[%emt 0:00:43]} Bf1 61. Bc6 {[%emt 0:01:45]} Be2 62. Be4 {[%emt 0:00:30]} Bb5 63. Kd2 {[%emt 0:00:53]} Ba6 64. Bf3 {[%emt 0:00:06]} Bb5 65. Be2 {[%emt 0:00:16]} Bc6 66. Bd3 {[%emt 0:00:47]} Bb7 67. Ke2 {[%emt 0:00:30]} Kb6 68. Kf2 {[%emt 0:00:30]} Kc5 69. Kg3 {[%emt 0:00:05]} Bc6 70. Kf4 {[%emt 0:00:11]} Bd7 71. Ke5 {[%emt 0:00:11]} Be8 72. Bc2 {[%emt 0:03:46]} Bb5 73. Ke4 {[%emt 0:00:06]} Bc6+ 74. Kd3 {[%emt 0:00:05]} Bb5+ 75. Kd2 {[%emt 0:00:30]} Ba6 76. Bb3 {[%emt 0:00:53]} Bb5 77. Nd3+ {[%emt 0:00:30]} Kb6 78. Nf4 {[%emt 0:00:30]} 1-0

[Event "Anderssen Festival 2019"]
[Site "Wroclaw"]
[Date "2019.08.08"]
[Round "5.18"]
[White "Partoens, Remi"]
[Black "Plichta, Krzysztof"]
[Result "0-1"]
[WhiteElo "1957"]
[BlackElo "1582"]
[Annotator "NA"]
[PlyCount "66"]
[EventDate "2019.08.05"]
[EventType "swiss"]
[EventCountry "POL"]
[SourceTitle "playchess.com"]
[Source "ChessBase"]
[SourceQuality "1"]
[TimeControl "40/5400+30:900+30"]

1. e4 {[%emt 0:00:00]} c6 {[%emt 0:03:28]} 2. d4 {[%emt 0:00:00]} d5 {[%emt 0:00:06]} 3. exd5 {[%emt 0:00:01]} cxd5 {[%emt 0:00:05]} 4. Bd3 {[%emt 0:00:05]} Nc6 {[%emt 0:00:09]} 5. c3 {[%emt 0:00:04]} Qc7 {[%emt 0:00:11]} 6. Ne2 {[%emt 0:00:43]} Bg4 {[%emt 0:00:38]} 7. f3 {[%emt 0:00:44]} Bd7 {[%emt 0:00:07]} 8. Bf4 {[%emt 0:00:33]} e5 {[%emt 0:00:08]} 9. dxe5 {[%emt 0:01:58]} Nxe5 {[%emt 0:00:12]} 10. O-O {[%emt 0:00:36]} Bd6 {[%emt 0:01:23]} 11. Bc2 {[%emt 0:13:21]} Nf6 {[%emt 0:00:24]} 12. Nd4 {[%emt 0:07:58]} O-O {[%emt 0:01:25]} 13. Nd2 {[%emt 0:06:40]} Nh5 {[%emt 0:03:35]} 14. Bg3 {[%emt 0:02:41]} Nxg3 {[%emt 0:04:07]} 15. hxg3 {[%emt 0:00:02]} Nc6 {[%emt 0:03:09]} 16. Nxc6 {[%emt 0:03:05]} bxc6 {[%emt 0:05:22]} 17. f4 {[%emt 0:00:06]} Qb6+ {[%emt 0:02:41]} 18. Kh2 {[%emt 0:01:40]} Qxb2 {[%emt 0:00:56]} 19. Rc1 {[%emt 0:07:12]} Rfe8 {[%emt 0:04:55]} 20. Nf3 {[%emt 0:00:13]} Re6 {[%emt 0:02:19]} 21. Bxh7+ {[%emt 0:08:52]} Kxh7 {[%emt 0:05:06]} 22. Ng5+ {[%emt 0:00:06]} Kg8 {[%emt 0:01:07]} 23. Nxe6 {[%emt 0:00:02]} Bxe6 {[%emt 0:09:24]} 24. f5 {[%emt 0:00:37]} Bd7 {[%emt 0:00:33]} 25. f6 {[%emt 0:03:23]} Re8 {[%emt 0:02:47]} 26. Re1 {[%emt 0:00:01]} Rxe1 {[%emt 0:01:27]} 27. Qxe1 {[%emt 0:00:05]} Be5 {[%emt 0:05:44]} 28. Rb1 {[%emt 0:00:53]} Qxc3 {[%emt 0:01:59]} 29. Rb8+ {[%emt 0:02:19]} Kh7 {[%emt 0:00:53]} 30. Qb1+ {[%emt 0:03:08]} g6 {[%emt 0:00:30]} 31. Rd8 {[%emt 0:02:56]} Qxg3+ {[%emt 0:00:29]} 32. Kg1 {[%emt 0:00:05]} Bd4+ {[%emt 0:00:12]} 33. Kh1 {[%emt 0:00:16]} Qh4# {[%emt 0:00:30]} 0-1